| 000 | 00380pab a2200145 454500 | ||
|---|---|---|---|
| 008 | 180718b1999 xxu||||| |||| 00| 0 eng d | ||
| 245 | _aENVIRONMENT in Karnataka: a status report | ||
| 260 | _c1999 | ||
| 300 | _ap.2735-744 | ||
| 362 | _a18 Sep | ||
| 650 | _aEnvironment - India - Karnataka | ||
| 650 | _aEnvironment | ||
| 773 | _aEconomic and Political Weekly | ||
| 909 | _a42657 | ||
| 999 |
_c42657 _d42657 |
||